{"text_format":"3","workbook":"xlsx","n_sheets":5,"sheets":["Wage & Hours Worked","Wages and FICA Taxes","FIT, SIT, and CITP Taxes","SUTA and FUTA","Journal Entries"],"read":"whole","date_system":"1904"}

{"sheet":"Wage & Hours Worked","index":0,"n_rows":25,"n_cols":23,"rows_kept":25,"merged":[[2,0,2,9],[2,12,2,14]]}
["Time Card - Use as needed ",{"$nulls":13},"Standard Work Week",{"$nulls":3},{"$f":"40","v":{"v":40,"d":"40.00"}}]
[]
["Time Clerk's Report No. 1 - For Period Ending January 8th, 20xx",{"$nulls":11},"Employees Wages"]
["No.","Employee","M","T","W","Th","F","S","Time Worked","Time Lost","Reg.","Ot.","No.","Employee","Hourly Wage or Salary","Yr-Mnth","Mnth - Wk","Wk - Hr","Pay/hr","Total Reg. $","OT pay/hr","Total Ot. $","Total Earnings"]
[11,"Fran Carson",8,8,8,8,8,"-",40,null,{"v":40,"d":"40.00"},{"$f":"IF(I5>$S$1,I5-$S$1,0)","v":0},11,"Fran Carson","$17.50 per hour",{"$nulls":3},{"v":17.5,"d":"$17.50"},{"$f":"S5*K5","v":{"v":700,"d":"$700.00"}},{"$f":"S5*1.5","v":{"v":26.25,"d":"$26.250"}},{"$f":"U5*L5","v":{"v":0,"d":"0.00"}},{"$f":"T5+V5","v":{"v":700,"d":"$700.000"}}]
[12,"William Willson",8,8,8,8,8,8,48,null,{"$f":"IF(I6>$S$1,S$1,I6)","v":{"v":40,"d":"40.00"}},8,12,"William Willson","$17.25 per hour",{"$nulls":3},{"v":17.25,"d":"$17.25"},{"$f":"S6*K6","v":{"v":690,"d":"$690.00"}},{"$f":"S6*1.5","v":{"v":25.875,"d":"$25.875"}},{"$f":"25.88*8","v":207.04},{"$f":"T6+V6","v":{"v":897.04,"d":"$897.040"}}]
[13,"Harry Utley",8,5.5,8,8,8,"-",37.5,2.75,{"$f":"IF(I7>$S$1,S$1,I7)","v":{"v":37.5,"d":"37.50"}},0,13,"Harry Utley","$18.10 per hour",{"$nulls":3},{"v":18.1,"d":"$18.10"},{"v":678.75,"d":"$678.75"},{"v":27.150000000000002,"d":"$27.150"},{"$f":"U7*L7","v":{"v":0,"d":"0.00"}},{"v":678.75,"d":"$678.750"}]
[21,"Lawrence Fife",10,10,8,8,10,"-",46,"tardy",{"$f":"IF(I8>$S$1,S$1,I8)","v":{"v":40,"d":"40.00"}},6,21,"Lawrence Fife","$17.90 per hour",{"$nulls":3},{"v":17.9,"d":"$17.90"},{"v":716,"d":"$716.00"},{"v":26.849999999999998,"d":"$26.850"},{"v":161.1,"d":"161.10"},{"v":877.1,"d":"$877.100"}]
[22,"Lucy Smith",8,8,8,8,8,"-",40,null,{"$f":"IF(I9>$S$1,S$1,I9)","v":{"v":40,"d":"40.00"}},0,22,"Lucy Smith","19.75 per hour",{"$nulls":3},{"v":19.75,"d":"$19.75"},{"v":790,"d":"$790.00"},{"v":29.625,"d":"$29.625"},{"v":0,"d":"0.00"},{"v":790,"d":"$790.000"}]
[31,"Gretchen Fay",8,8,8,8,8,1.25,41.25,null,40,1.25,31,"Gretchen Fay","$515 per week",null,null,{"$f":"ROUND(515/$S$1,2)","v":{"v":12.88,"d":"$12.88"}},{"$f":"R10","v":{"v":12.88,"d":"$12.88"}},{"v":515.2,"d":"$515.20"},{"v":19.32,"d":"$19.320"},{"$f":"19.32*1.25","v":24.15},{"$f":"V10+T10","v":{"v":539.35,"d":"$539.350"}}]
[32,"Glenda Robey",8,8,8,8,8,"-",40,null,{"$f":"IF(I11>$S$1,S$1,I11)","v":40},0,32,"Glenda Robey","$2,700 per month",null,{"$f":"(2700*12)/52","v":623.0769230769231},{"$f":"ROUND(Q11/$S$1,2)","v":15.58},{"$f":"R11","v":15.58},623.2,23.37,0,623.2]
[33,"Thomas Schork",8,8,8,8,8,"-",40,null,{"$f":"IF(I12>$S$1,S$1,I12)","v":{"v":40,"d":"40.00"}},0,33,"Thomas Schork","$3,350 per month",null,{"$f":"(3350*12)/52","v":{"v":773.0769230769231,"d":"773.077"}},{"$f":"Q12/$S$1","v":{"v":19.326923076923077,"d":"$19.33"}},{"v":19.326923076923077,"d":"$19.33"},{"$f":"19.33*40","v":{"v":773.1999999999999,"d":"$773.20"}},{"v":28.990384615384613,"d":"$28.990"},{"v":0,"d":"0.00"},{"v":773.1999999999999,"d":"$773.200"}]
[51,"Barbara hardy",8,8,8,8,8,4,44,null,{"$f":"IF(I13>$S$1,S$1,I13)","v":{"v":40,"d":"40.00"}},4,51,"Barbara hardy","$2,510 per month",null,{"$f":"(2510*12)/52","v":{"v":579.2307692307693,"d":"579.231"}},{"$f":"Q13/$S$1","v":{"v":14.480769230769232,"d":"$14.48"}},{"v":14.480769230769232,"d":"$14.48"},{"$f":"14.48*40","v":{"v":579.2,"d":"$579.20"}},{"v":21.721153846153847,"d":"$21.721"},{"v":86.88461538461539,"d":"86.88"},{"v":666.0846153846154,"d":"$666.085"}]
[99,"Carson Kipley",8,8,8,8,8,"-",40,null,{"$f":"IF(I14>$S$1,S$1,I14)","v":{"v":40,"d":"40.00"}},"NO",99,"Carson Kipley","$52,000 per year",{"$f":"52000/12","v":4333.333333333333},{"$f":"52000/52","v":{"v":1000,"d":"1000.000"}},{"$f":"Q14/$S$1","v":{"v":25,"d":"$25.00"}},{"v":25,"d":"$25.00"},{"$f":"ROUND(K14*S14,2)","v":{"v":1000,"d":"$1,000.00"}},null,null,{"v":1000,"d":"$1,000.000"}]
[]
[]
[]
[]
[]
[]
[{"$nulls":18},"The formula I used is not making the correct"]
[{"$nulls":18},"amount. The amount should be 515.20 and 623.20."]
[{"$nulls":18},"When I enter the formula in manually 12.88*40, it comes"]
[{"$nulls":18},"up with the correct answer of 515.20 but using the formula"]
[{"$nulls":18},"it drops the cents. What am I doing wrong?"]

{"sheet":"Wages and FICA Taxes","index":1,"n_rows":40,"n_cols":15,"rows_kept":40,"merged":[[1,1,1,14],[2,1,2,14],[5,1,7,1],[5,3,5,5],[5,7,5,9],[5,13,5,14],[6,3,7,3],[6,4,7,4],[6,5,7,5],[6,7,7,7],[6,8,7,8],[6,9,7,9],[6,13,7,13],[6,14,7,14],[18,1,18,4],[22,1,22,16],[23,1,23,16],[26,1,28,1],[26,2,28,2],[26,3,26,5],[26,7,26,9],[26,13,26,14],[27,3,28,3],[27,4,28,4],[27,7,28,7],[27,8,28,8],[27,13,28,13],[27,14,28,14],[39,1,39,4]]}
["Week 3"]
[null,"KIPLEY COMPANY, INC."]
[null,"PAYROLL REGISTER"]
[null,null,"FOR PERIOD ENDING","2016-01-08"]
[]
[null,"Time Card No.",null,"Regular Earnings",{"$nulls":3},"Overtime Earnings",{"$nulls":5},"Deductions"]
[null,null,"Name","Hours worked","Rate Per Hour","Amount",null,"Hours worked","Rate Per Hour","Amount",null,"Total Earnings",null,"OASDI Tax","HI Tax"]
[]
[1,11,"Carson, Fran M.",{"v":40,"d":"40.00"},{"v":17.5,"d":"17.50"},{"$f":"D9*E9","v":{"v":700,"d":"700.00"}},{"$f":"IF(F9='Wage & Hours Worked'!T5,\"yes\",\"no\")","v":"yes"},0,{"$f":"E9*1.5","v":26.25},{"$f":"H9*I9","v":{"v":0,"d":"0.00"}},{"$f":"IF(J9='Wage & Hours Worked'!V5,\"yes\",\"no\")","v":"yes"},{"$f":"F9+J9","v":{"v":700,"d":"700.00"}},{"$f":"IF(L9='Wage & Hours Worked'!W5,\"yes\",\"no\")","v":"yes"}]
[2,12,"Wilson, William A.",{"v":40,"d":"40.00"},17.25,{"$f":"D10*E10","v":{"v":690,"d":"690.00"}},{"$f":"IF(F10='Wage & Hours Worked'!T6,\"yes\",\"no\")","v":"yes"},8,{"$f":"E10*1.5","v":{"v":25.875,"d":"25.88"}},{"$f":"25.88*8","v":207.04},{"$f":"IF(J10='Wage & Hours Worked'!V6,\"yes\",\"no\")","v":"yes"},{"$f":"F10+J10","v":897.04},{"$f":"IF(L10='Wage & Hours Worked'!W6,\"yes\",\"no\")","v":"yes"}]
[3,13,"Utley, Harry T.",{"v":37.5,"d":"37.50"},{"v":18.1,"d":"18.10"},678.75,{"$f":"IF(F11='Wage & Hours Worked'!T7,\"yes\",\"no\")","v":"yes"},0,{"v":27.150000000000002,"d":"27.15"},{"$f":"H11*I11","v":{"v":0,"d":"0.00"}},{"$f":"IF(J11='Wage & Hours Worked'!V7,\"yes\",\"no\")","v":"yes"},678.75,{"$f":"IF(L11='Wage & Hours Worked'!W7,\"yes\",\"no\")","v":"yes"}]
[4,21,"Fife, Lawrence R.",{"v":40,"d":"40.00"},{"v":17.9,"d":"17.90"},{"v":716,"d":"716.00"},{"$f":"IF(F12='Wage & Hours Worked'!T8,\"yes\",\"no\")","v":"yes"},6,{"v":26.849999999999998,"d":"26.85"},{"v":161.1,"d":"161.10"},{"$f":"IF(J12='Wage & Hours Worked'!V8,\"yes\",\"no\")","v":"yes"},{"v":877.1,"d":"877.10"},{"$f":"IF(L12='Wage & Hours Worked'!W8,\"yes\",\"no\")","v":"yes"}]
[5,22,"Smith, Lucy K",{"v":40,"d":"40.00"},19.75,{"v":790,"d":"790.00"},{"$f":"IF(F13='Wage & Hours Worked'!T9,\"yes\",\"no\")","v":"yes"},0,{"v":29.625,"d":"29.63"},{"v":0,"d":"0.00"},{"$f":"IF(J13='Wage & Hours Worked'!V9,\"yes\",\"no\")","v":"yes"},{"v":790,"d":"790.00"},{"$f":"IF(L13='Wage & Hours Worked'!W9,\"yes\",\"no\")","v":"yes"}]
[6,31,"Fay, Gretchen R.",{"v":40,"d":"40.00"},{"v":12.875,"d":"12.88"},{"v":515.2,"d":"515.20"},{"$f":"IF(F14='Wage & Hours Worked'!T10,\"yes\",\"no\")","v":"yes"},1.25,{"$f":"12.88*1.5","v":19.32},24.15,{"$f":"IF(J14='Wage & Hours Worked'!V10,\"yes\",\"no\")","v":"yes"},539.35,{"$f":"IF(L14='Wage & Hours Worked'!W10,\"yes\",\"no\")","v":"yes"}]
[7,32,"Robey, Glenda B.",{"v":40,"d":"40.00"},{"v":15.576923076923077,"d":"15.58"},{"v":623.2,"d":"623.20"},{"$f":"IF(F15='Wage & Hours Worked'!T11,\"yes\",\"no\")","v":"yes"},0,{"v":23.365384615384613,"d":"23.37"},{"v":0,"d":"0.00"},{"$f":"IF(J15='Wage & Hours Worked'!V11,\"yes\",\"no\")","v":"yes"},{"v":623.2,"d":"623.20"},{"$f":"IF(L15='Wage & Hours Worked'!W11,\"yes\",\"no\")","v":"yes"}]
[8,33,"Schork, Thomas K.",{"v":40,"d":"40.00"},{"v":19.326923076923077,"d":"19.33"},{"v":773.2,"d":"773.20"},{"$f":"IF(F16='Wage & Hours Worked'!T12,\"yes\",\"no\")","v":"yes"},0,{"v":28.990384615384613,"d":"28.99"},{"v":0,"d":"0.00"},{"$f":"IF(J16='Wage & Hours Worked'!V12,\"yes\",\"no\")","v":"yes"},{"v":773.2,"d":"773.20"},{"$f":"IF(L16='Wage & Hours Worked'!W12,\"yes\",\"no\")","v":"yes"}]
[9,51,"Hardy, Barbara T.",{"v":40,"d":"40.00"},{"v":14.480769230769232,"d":"14.48"},{"v":579.2,"d":"579.20"},{"$f":"IF(F17='Wage & Hours Worked'!T13,\"yes\",\"no\")","v":"yes"},4,{"v":21.721153846153847,"d":"21.72"},{"v":86.88461538461539,"d":"86.88"},{"$f":"IF(J17='Wage & Hours Worked'!V13,\"yes\",\"no\")","v":"yes"},{"v":666.0846153846154,"d":"666.08"},{"$f":"IF(L17='Wage & Hours Worked'!W13,\"yes\",\"no\")","v":"yes"}]
[10,99,"Kipley, Carson C.",{"v":40,"d":"40.00"},{"v":25,"d":"25.00"},{"v":1000,"d":"1000.00"},{"$f":"IF(F18='Wage & Hours Worked'!T14,\"yes\",\"no\")","v":"yes"},0,"N/A",null,{"$f":"IF(J18='Wage & Hours Worked'!V14,\"yes\",\"no\")","v":"yes"},{"v":1000,"d":"1,000.00"}]
[11,"Totals…………………………………",{"$nulls":3},{"$f":"SUM(F9:F18)","v":{"v":7065.549999999999,"d":"7065.55"}},{"$nulls":3},{"$f":"SUM(J9:J18)","v":{"v":479.1746153846153,"d":"479.17"}},null,{"$f":"SUM(L9:L18)","v":{"v":7544.7246153846145,"d":"7544.72"}}]
[]
[]
[]
[null,"KIPLEY COMPANY, INC."]
[null,"PAYROLL REGISTER"]
[null,null,"FOR PERIOD ENDING",20]
[]
[null,"Time Card No.","Name","Regular Earnings",{"$nulls":3},"Overtime Earnings",{"$nulls":5},"Deductions"]
[{"$nulls":3},"Hours worked","Rate Per Hour","Amount",null,"Hours worked","Rate Per Hour","Amount",null,"Total Earnings",null,"OASDI Tax","HI Tax"]
[]
[1,11,"Carson, Fran M.",{"$f":"D9","v":{"v":40,"d":"40.00"}},{"v":17.5,"d":"17.50"},{"v":700,"d":"700.00"},null,{"v":0,"d":"0.00"},26.25,{"v":0,"d":"0.00"},null,{"v":700,"d":"700.00"},null,{"$f":"L30*6.2%","v":{"v":43.4,"d":"43.40"}},{"$f":"L30*1.45%","v":{"v":10.149999999999999,"d":"10.15"}}]
[2,12,"Wilson, William A.",{"v":40,"d":"40.00"},17.25,{"v":690,"d":"690.00"},null,{"v":8,"d":"8.00"},{"v":25.875,"d":"25.88"},207.04,null,897.04,null,{"$f":"L31*6.2%","v":{"v":55.616479999999996,"d":"55.62"}},{"$f":"L31*1.45%","v":{"v":13.007079999999998,"d":"13.01"}}]
[3,13,"Utley, Harry T.",{"v":37.5,"d":"37.50"},{"v":18.1,"d":"18.10"},678.75,null,{"v":0,"d":"0.00"},{"v":27.150000000000002,"d":"27.15"},{"v":0,"d":"0.00"},null,678.75,null,{"v":42.0825,"d":"42.08"},{"v":9.841875,"d":"9.84"}]
[4,21,"Fife, Lawrence R.",{"v":40,"d":"40.00"},{"v":17.9,"d":"17.90"},{"v":716,"d":"716.00"},null,{"v":6,"d":"6.00"},{"v":26.849999999999998,"d":"26.85"},{"v":161.1,"d":"161.10"},null,{"v":877.1,"d":"877.10"},null,{"v":54.3802,"d":"54.38"},{"v":12.71795,"d":"12.72"}]
[5,22,"Smith, Lucy K",{"v":40,"d":"40.00"},19.75,{"v":790,"d":"790.00"},null,{"v":0,"d":"0.00"},{"v":29.625,"d":"29.63"},{"v":0,"d":"0.00"},null,{"v":790,"d":"790.00"},null,48.98,{"v":11.455,"d":"11.46"}]
[6,31,"Fay, Gretchen R.",{"v":40,"d":"40.00"},{"v":12.875,"d":"12.88"},{"v":515.2,"d":"515.20"},null,1.25,19.32,24.15,null,539.35,null,{"v":33.4397,"d":"33.44"},{"v":7.820575,"d":"7.82"}]
[7,32,"Robey, Glenda B.",{"v":40,"d":"40.00"},{"v":15.576923076923077,"d":"15.58"},{"v":623.2,"d":"623.20"},null,{"v":0,"d":"0.00"},{"v":23.365384615384613,"d":"23.37"},{"v":0,"d":"0.00"},null,{"v":623.2,"d":"623.20"},null,{"v":38.638400000000004,"d":"38.64"},{"v":9.0364,"d":"9.04"}]
[8,33,"Schork, Thomas K.",{"v":40,"d":"40.00"},{"v":19.326923076923077,"d":"19.33"},{"v":773.2,"d":"773.20"},null,{"v":0,"d":"0.00"},{"v":28.990384615384613,"d":"28.99"},{"v":0,"d":"0.00"},null,{"v":773.2,"d":"773.20"},null,{"v":47.9384,"d":"47.94"},{"v":11.2114,"d":"11.21"}]
[9,51,"Hardy, Barbara T.",{"v":40,"d":"40.00"},{"v":14.480769230769232,"d":"14.48"},{"v":579.2,"d":"579.20"},null,{"v":4,"d":"4.00"},{"v":21.721153846153847,"d":"21.72"},{"v":86.88461538461539,"d":"86.88"},null,{"v":666.0846153846154,"d":"666.08"},null,{"v":41.29724615384615,"d":"41.30"},{"v":9.658226923076922,"d":"9.66"}]
[10,99,"Kipley, Carson C.",{"v":40,"d":"40.00"},{"v":25,"d":"25.00"},{"v":1000,"d":"1,000.00"},null,{"v":0,"d":"0.00"},"N/A",{"v":0,"d":"0.00"},null,{"v":1000,"d":"1,000.00"},null,{"$f":"L39*6.2%","v":{"v":62,"d":"62.00"}},{"v":14.499999999999998,"d":"14.50"}]
[11,"Totals…………………………………",{"$nulls":3},{"$f":"$F$19","v":{"v":7065.549999999999,"d":"7065.55"}},{"$nulls":3},{"$f":"$J$19","v":{"v":479.1746153846153,"d":"479.17"}},null,{"$f":"$L$19","v":{"v":7544.7246153846145,"d":"7544.72"}},null,{"$f":"SUM(N30:N39)","v":{"v":467.7729261538462,"d":"467.77"}},109.41]

{"sheet":"FIT, SIT, and CITP Taxes","index":2,"n_rows":35,"n_cols":20,"rows_kept":35,"merged":[[1,0,1,14],[2,0,2,18],[3,0,3,18],[6,1,8,1],[6,2,8,2],[6,3,8,3],[6,4,8,4],[6,5,6,7],[6,8,6,10],[6,12,6,18],[7,5,8,5],[7,6,8,6],[7,8,8,8],[7,9,8,9],[7,12,8,12],[7,13,8,13],[19,1,19,6],[23,0,23,3]]}
["WEEK 4",{"$nulls":14},"`"]
[]
["KIPLEY COMPANY, INC."]
["PAYROLL REGISTER"]
[null,null,"FOR PERIOD ENDING","2016-01-08"]
[]
[null,"Time Card No.","Name","Marital Statues","NO. W.H Allow.","Regular Earnings",null,null,"Overtime Earnings",{"$nulls":3},"Deductions"]
[{"$nulls":5},"Hours worked","Rate Per Hour","Amount","Hours worked","Rate Per Hour","Amount","Total Earnings","OASDI Tax","HI Tax","FIT","SIT","SUTA","CIT","SIMPLE"]
[{"$nulls":19},"Gross Pay After Simple Plan"]
[1,11,"Carson, Fran M.",{"$f":"B26","v":"S"},{"$f":"C26","v":1},{"v":40,"d":"40.00"},{"v":17.5,"d":"17.50"},{"$f":"F10*G10","v":{"v":700,"d":"700.00"}},{"v":0,"d":"0.00"},26.25,{"v":0,"d":"0.00"},{"v":700,"d":"700.00"},{"v":43.4,"d":"43.40"},{"v":10.149999999999999,"d":"10.15"},{"v":76,"d":"$76.00"},{"$f":"ROUND(L10*3.07%,2)","v":{"v":21.49,"d":"$21.49"}},null,{"$f":"L10 * 3%","v":{"v":21,"d":"$21.00"}},{"$f":"D26","v":{"v":20,"d":"$20.00"}},{"$f":"L10-S10","v":{"v":680,"d":"$680.00"}}]
[2,12,"Wilson, William A.",{"$f":"B27","v":"S"},{"$f":"C27","v":0},{"v":40,"d":"40.00"},17.25,{"v":690,"d":"690.00"},{"v":8,"d":"8.00"},{"v":25.875,"d":"25.88"},{"v":207,"d":"207.00"},{"$f":"K11+H11","v":{"v":897,"d":"897.00"}},55.61,{"v":13.007079999999998,"d":"13.01"},{"v":119,"d":"$119.00"},{"$f":"ROUND(L11*3.07%,2)","v":{"v":27.54,"d":"$27.54"}},null,{"v":26.91,"d":"$26.91"},{"$f":"D27","v":{"v":50,"d":"$50.00"}},{"$f":"L11-S11","v":{"v":847,"d":"$847.00"}}]
[3,13,"Utley, Harry T.","M",2,{"v":37.5,"d":"37.50"},{"v":18.1,"d":"18.10"},678.75,{"v":0,"d":"0.00"},{"v":27.150000000000002,"d":"27.15"},{"v":0,"d":"0.00"},{"$f":"K12+H12","v":678.75},{"v":42.0825,"d":"42.08"},{"v":9.841875,"d":"9.84"},{"v":32,"d":"$32.00"},{"v":20.84,"d":"$20.84"},null,{"v":20.3625,"d":"$20.36"},{"v":40,"d":"$40.00"},{"v":638.75,"d":"$638.75"}]
[4,21,"Fife, Lawrence R.","M",4,{"v":40,"d":"40.00"},{"v":17.9,"d":"17.90"},{"v":716,"d":"716.00"},{"v":6,"d":"6.00"},{"v":26.849999999999998,"d":"26.85"},{"v":161.1,"d":"161.10"},{"v":877.1,"d":"877.10"},{"v":54.3802,"d":"54.38"},{"v":12.71795,"d":"12.72"},{"v":35,"d":"$35.00"},{"v":26.93,"d":"$26.93"},null,{"v":26.313,"d":"$26.31"},{"v":50,"d":"$50.00"},{"v":827.1,"d":"$827.10"}]
[5,22,"Smith, Lucy K","S",2,{"v":40,"d":"40.00"},19.75,{"v":790,"d":"790.00"},{"v":0,"d":"0.00"},{"v":29.625,"d":"29.63"},{"v":0,"d":"0.00"},{"v":790,"d":"790.00"},48.98,{"v":11.455,"d":"11.46"},{"v":78,"d":"$78.00"},{"v":24.25,"d":"$24.25"},null,{"v":23.7,"d":"$23.70"},{"v":20,"d":"$20.00"},{"v":770,"d":"$770.00"}]
[6,31,"Fay, Gretchen R.","M",3,{"v":40,"d":"40.00"},{"v":12.875,"d":"12.88"},{"v":515,"d":"515.00"},1.25,19.32,24.14,539.14,33.43,{"v":7.820575,"d":"7.82"},{"v":10,"d":"$10.00"},{"v":16.55,"d":"$16.55"},null,{"v":16.17,"d":"$16.17"},{"v":40,"d":"$40.00"},{"v":499.14,"d":"$499.14"}]
[7,32,"Robey, Glenda B.","M",6,{"v":40,"d":"40.00"},{"v":15.576923076923077,"d":"15.58"},623.08,{"v":0,"d":"0.00"},{"v":23.365384615384613,"d":"23.37"},{"v":0,"d":"0.00"},623.08,38.63,9.03,0,{"v":19.13,"d":"$19.13"},null,{"v":18.69,"d":"$18.69"},{"v":50,"d":"$50.00"},{"v":573.08,"d":"$573.08"}]
[8,33,"Schork, Thomas K.","S",1,{"v":40,"d":"40.00"},{"v":19.326923076923077,"d":"19.33"},773.08,{"v":0,"d":"0.00"},{"v":28.990384615384613,"d":"28.99"},{"v":0,"d":"0.00"},773.08,47.93,{"v":11.2114,"d":"11.21"},{"v":80,"d":"$80.00"},{"v":23.73,"d":"$23.73"},null,{"v":23.19,"d":"$23.19"},{"v":60,"d":"$60.00"},{"v":713.08,"d":"$713.08"}]
[9,51,"Hardy, Barbara T.","M",5,{"v":40,"d":"40.00"},{"v":14.480769230769232,"d":"14.48"},579.23,{"v":4,"d":"4.00"},{"v":21.721153846153847,"d":"21.72"},{"v":86.88461538461539,"d":"86.88"},{"v":666.1146153846154,"d":"666.11"},{"v":41.29724615384615,"d":"41.30"},{"v":9.658226923076922,"d":"9.66"},{"v":9,"d":"$9.00"},{"v":20.45,"d":"$20.45"},null,{"v":19.983438461538462,"d":"$19.98"},{"v":30,"d":"$30.00"},{"v":636.1146153846154,"d":"$636.11"}]
[10,99,"Kipley, Carson C.","M",7,{"v":40,"d":"40.00"},{"v":25,"d":"25.00"},{"v":1000,"d":"1,000.00"},{"v":0,"d":"0.00"},"N/A",{"v":0,"d":"0.00"},{"v":1000,"d":"1000.00"},{"v":62,"d":"62.00"},{"v":14.499999999999998,"d":"14.50"},{"v":22,"d":"$22.00"},{"v":30.7,"d":"$30.70"},null,{"v":30,"d":"$30.00"},{"v":80,"d":"$80.00"},{"v":920,"d":"$920.00"}]
[11,"Totals…………………………………",{"$nulls":5},7065.14,null,null,{"$f":"SUM(K10:K19)","v":{"v":479.12461538461537,"d":"479.12"}},{"$f":"SUM(L10:L19)","v":{"v":7544.264615384615,"d":"7544.26"}},{"$f":"SUM(M10:M19)","v":{"v":467.7399461538462,"d":"467.74"}},{"$f":"SUM(N10:N19)","v":{"v":109.39210692307692,"d":"109.39"}},{"$f":"SUM(O10:O19)","v":{"v":461,"d":"$461.00"}},{"$f":"SUM(P10:P19)","v":{"v":231.60999999999999,"d":"$231.61"}},null,{"$f":"SUM(R10:R19)","v":{"v":226.31893846153847,"d":"$226.32"}},{"v":440,"d":"$440.00"}]
[]
[]
[]
["The Wage Bracket Method",{"$nulls":6},{"$f":"515.2+24.15","v":539.35}]
["Time Card No","Marital Status","No. of allowances","SIMPLE deductions"]
[11,"S",1,{"v":20,"d":"$20"}]
[12,"S",0,50]
[13,"M",2,40]
[21,"M",4,50]
[22,"S",2,20]
[31,"M",3,40]
[32,"M",6,50]
[33,"S",1,60]
[51,"M",5,30]
[99,"M",7,80]

{"sheet":"SUTA and FUTA","index":3,"n_rows":35,"n_cols":31,"rows_kept":35,"merged":[[1,0,1,14],[2,0,2,18],[3,0,3,18],[6,1,8,1],[6,2,8,2],[6,3,8,3],[6,4,8,4],[6,5,6,7],[6,8,6,10],[6,12,6,21],[6,22,6,23],[6,24,6,27],[6,28,6,30],[7,5,8,5],[7,6,8,6],[7,8,8,8],[7,9,8,9],[7,12,8,12],[7,13,8,13],[7,20,8,20],[7,21,8,21],[7,28,8,28],[19,1,19,6],[23,0,23,3]]}
["WEEK 5",{"$nulls":14},"`"]
[]
["KIPLEY COMPANY, INC."]
["PAYROLL REGISTER"]
[null,null,"FOR PERIOD ENDING","2016-01-08"]
[]
[null,"Time Card No.","Name","Marital Statues","NO. W.H Allow.","Regular Earnings",null,null,"Overtime Earnings",{"$nulls":3},"Deductions",{"$nulls":9},"Net Paid",null,"Taxable Earnings",{"$nulls":3},"FUTA & SUTA Taxes"]
[{"$nulls":5},"Hours worked","Rate Per Hour","Amount","Hours worked","Rate Per Hour","Amount","Total Earnings","OASDI Tax","HI Tax","FIT","SIT","SUTA","CIT","SIMPLE",null,"Group Ins.","Health Ins.","Check No.","Amount","OASDI","HI","FUTA","SUTA","Net FUTA Tax","SUTA Tax","Gross FUTA"]
[{"$nulls":19},"Gross Pay After Simple Plan",{"$nulls":10},"Tax"]
[1,11,"Carson, Fran M.",{"$f":"B26","v":"S"},{"$f":"C26","v":1},{"v":40,"d":"40.00"},{"v":17.5,"d":"17.50"},{"$f":"F10*G10","v":{"v":700,"d":"700.00"}},{"v":0,"d":"0.00"},26.25,{"v":0,"d":"0.00"},{"v":700,"d":"700.00"},{"v":43.4,"d":"43.40"},{"v":10.149999999999999,"d":"10.15"},{"v":76,"d":"$76.00"},{"$f":"ROUND(L10*3.07%,2)","v":{"v":21.49,"d":"$21.49"}},{"$f":"L10*0.07%","v":{"v":0.49000000000000005,"d":"$0.49"}},{"$f":"L10 * 3%","v":{"v":21,"d":"$21.00"}},{"$f":"D26","v":{"v":20,"d":"$20.00"}},{"$f":"L10-S10","v":{"v":680,"d":"$680.00"}},{"$nulls":4},{"$f":"L10-S10","v":{"v":680,"d":"$680.00"}},{"$f":"L10","v":{"v":700,"d":"$700.00"}},{"$f":"L10","v":{"v":700,"d":"$700.00"}},{"$f":"L10","v":{"v":700,"d":"$700.00"}},{"$f":"AA10*0.6%","v":{"v":4.2,"d":"$4.20"}},{"$f":"AB10*3.6785%","v":{"v":25.749499999999998,"d":"$25.75"}},{"$f":"AA10*6%","v":{"v":42,"d":"$42.00"}}]
[2,12,"Wilson, William A.",{"$f":"B27","v":"S"},0,{"v":40,"d":"40.00"},17.25,{"v":690,"d":"690.00"},{"v":8,"d":"8.00"},{"v":25.875,"d":"25.88"},{"v":207,"d":"207.00"},{"$f":"K11+H11","v":{"v":897,"d":"897.00"}},55.61,{"v":13.007079999999998,"d":"13.01"},{"v":119,"d":"$119.00"},{"$f":"ROUND(L11*3.07%,2)","v":{"v":27.54,"d":"$27.54"}},{"$f":"L11*0.07%","v":{"v":0.6279000000000001,"d":"$0.63"}},{"v":26.91,"d":"$26.91"},{"$f":"D27","v":{"v":50,"d":"$50.00"}},{"$f":"L11-S11","v":{"v":847,"d":"$847.00"}},{"$nulls":4},{"$f":"L11-S11","v":{"v":847,"d":"$847.00"}},{"$f":"L11","v":{"v":897,"d":"$897.00"}},{"$f":"L11","v":{"v":897,"d":"$897.00"}},{"$f":"L11","v":{"v":897,"d":"$897.00"}},{"v":5.382,"d":"$5.38"},{"v":32.996145,"d":"$33.00"},{"$f":"AA11*6%","v":{"v":53.82,"d":"$53.82"}}]
[3,13,"Utley, Harry T.","M",2,{"v":37.5,"d":"37.50"},{"v":18.1,"d":"18.10"},678.75,{"v":0,"d":"0.00"},{"v":27.150000000000002,"d":"27.15"},{"v":0,"d":"0.00"},{"$f":"K12+H12","v":678.75},{"v":42.0825,"d":"42.08"},{"v":9.841875,"d":"9.84"},{"v":32,"d":"$32.00"},{"v":20.84,"d":"$20.84"},{"v":0.4751250000000001,"d":"$0.48"},{"v":20.3625,"d":"$20.36"},{"v":40,"d":"$40.00"},{"v":638.75,"d":"$638.75"},{"$nulls":4},{"v":638.75,"d":"$638.75"},{"v":678.75,"d":"$678.75"},{"v":678.75,"d":"$678.75"},{"v":678.75,"d":"$678.75"},{"v":4.0725,"d":"$4.07"},{"v":24.96781875,"d":"$24.97"},{"v":40.725,"d":"$40.73"}]
[4,21,"Fife, Lawrence R.","M",4,{"v":40,"d":"40.00"},{"v":17.9,"d":"17.90"},{"v":716,"d":"716.00"},{"v":6,"d":"6.00"},{"v":26.849999999999998,"d":"26.85"},{"v":161.1,"d":"161.10"},{"v":877.1,"d":"877.10"},{"v":54.3802,"d":"54.38"},{"v":12.71795,"d":"12.72"},{"v":35,"d":"$35.00"},{"v":26.93,"d":"$26.93"},{"v":0.6139700000000001,"d":"$0.61"},{"v":26.313,"d":"$26.31"},{"v":50,"d":"$50.00"},{"v":827.1,"d":"$827.10"},{"$nulls":4},{"v":827.1,"d":"$827.10"},{"v":877.1,"d":"$877.10"},{"v":877.1,"d":"$877.10"},{"v":877.1,"d":"$877.10"},{"v":5.2626,"d":"$5.26"},{"v":32.2641235,"d":"$32.26"},{"v":52.626,"d":"$52.63"}]
[5,22,"Smith, Lucy K","S",2,{"v":40,"d":"40.00"},19.75,{"v":790,"d":"790.00"},{"v":0,"d":"0.00"},{"v":29.625,"d":"29.63"},{"v":0,"d":"0.00"},{"v":790,"d":"790.00"},48.98,{"v":11.455,"d":"11.46"},{"v":78,"d":"$78.00"},{"v":24.25,"d":"$24.25"},{"v":0.553,"d":"$0.55"},{"v":23.7,"d":"$23.70"},{"v":20,"d":"$20.00"},{"v":770,"d":"$770.00"},{"$nulls":4},{"v":770,"d":"$770.00"},{"v":790,"d":"$790.00"},{"v":790,"d":"$790.00"},{"v":790,"d":"$790.00"},{"v":4.74,"d":"$4.74"},{"v":29.06015,"d":"$29.06"},{"v":47.4,"d":"$47.40"}]
[6,31,"Fay, Gretchen R.","M",3,{"v":40,"d":"40.00"},{"v":12.875,"d":"12.88"},{"v":515,"d":"515.00"},1.25,19.32,24.14,539.14,33.43,{"v":7.820575,"d":"7.82"},{"v":10,"d":"$10.00"},{"v":16.55,"d":"$16.55"},{"v":0.37739800000000007,"d":"$0.38"},{"v":16.17,"d":"$16.17"},{"v":40,"d":"$40.00"},{"v":499.14,"d":"$499.14"},{"$nulls":4},{"v":499.14,"d":"$499.14"},{"v":539.14,"d":"$539.14"},{"v":539.14,"d":"$539.14"},{"v":539.14,"d":"$539.14"},{"v":3.23484,"d":"$3.23"},{"v":19.8322649,"d":"$19.83"},{"v":32.3484,"d":"$32.35"}]
[7,32,"Robey, Glenda B.","M",6,{"v":40,"d":"40.00"},{"v":15.576923076923077,"d":"15.58"},623.08,{"v":0,"d":"0.00"},{"v":23.365384615384613,"d":"23.37"},{"v":0,"d":"0.00"},623.08,38.63,9.03,0,{"v":19.13,"d":"$19.13"},{"v":0.4361560000000001,"d":"$0.44"},{"v":18.69,"d":"$18.69"},{"v":50,"d":"$50.00"},{"v":573.08,"d":"$573.08"},{"$nulls":4},{"v":573.08,"d":"$573.08"},{"v":623.08,"d":"$623.08"},{"v":623.08,"d":"$623.08"},{"v":623.08,"d":"$623.08"},{"v":3.7384800000000005,"d":"$3.74"},{"v":22.9199978,"d":"$22.92"},{"v":37.3848,"d":"$37.38"}]
[8,33,"Schork, Thomas K.","S",1,{"v":40,"d":"40.00"},{"v":19.326923076923077,"d":"19.33"},773.08,{"v":0,"d":"0.00"},{"v":28.990384615384613,"d":"28.99"},{"v":0,"d":"0.00"},773.08,47.93,{"v":11.2114,"d":"11.21"},{"v":80,"d":"$80.00"},{"v":23.73,"d":"$23.73"},{"v":0.5411560000000001,"d":"$0.54"},{"v":23.19,"d":"$23.19"},{"v":60,"d":"$60.00"},{"v":713.08,"d":"$713.08"},{"$nulls":4},{"v":713.08,"d":"$713.08"},{"v":773.08,"d":"$773.08"},{"v":773.08,"d":"$773.08"},{"v":773.08,"d":"$773.08"},{"v":4.63848,"d":"$4.64"},{"v":28.4377478,"d":"$28.44"},{"v":46.3848,"d":"$46.38"}]
[9,51,"Hardy, Barbara T.","M",5,{"v":40,"d":"40.00"},{"v":14.480769230769232,"d":"14.48"},579.23,{"v":4,"d":"4.00"},{"v":21.721153846153847,"d":"21.72"},{"v":86.88461538461539,"d":"86.88"},{"v":666.1146153846154,"d":"666.11"},{"v":41.29724615384615,"d":"41.30"},{"v":9.658226923076922,"d":"9.66"},{"v":9,"d":"$9.00"},{"v":20.45,"d":"$20.45"},{"v":0.4662802307692308,"d":"$0.47"},{"v":19.983438461538462,"d":"$19.98"},{"v":30,"d":"$30.00"},{"v":636.1146153846154,"d":"$636.11"},{"$nulls":4},{"v":636.1146153846154,"d":"$636.11"},{"v":666.1146153846154,"d":"$666.11"},{"v":666.1146153846154,"d":"$666.11"},{"v":666.1146153846154,"d":"$666.11"},{"v":3.996687692307692,"d":"$4.00"},{"v":24.503026126923075,"d":"$24.50"},{"v":39.966876923076924,"d":"$39.97"}]
[10,99,"Kipley, Carson C.","M",7,{"v":40,"d":"40.00"},{"v":25,"d":"25.00"},{"v":1000,"d":"1,000.00"},{"v":0,"d":"0.00"},"N/A",{"v":0,"d":"0.00"},{"v":1000,"d":"1000.00"},{"v":62,"d":"62.00"},{"v":14.499999999999998,"d":"14.50"},{"v":22,"d":"$22.00"},{"v":30.7,"d":"$30.70"},{"v":0.7000000000000001,"d":"$0.70"},{"v":30,"d":"$30.00"},{"v":80,"d":"$80.00"},{"v":920,"d":"$920.00"},{"$nulls":4},{"v":920,"d":"$920.00"},{"v":1000,"d":"$1,000.00"},{"v":1000,"d":"$1,000.00"},{"v":1000,"d":"$1,000.00"},{"v":6,"d":"$6.00"},{"v":36.785,"d":"$36.79"},{"v":60,"d":"$60.00"}]
[11,"Totals…………………………………",{"$nulls":5},7065.14,null,null,{"$f":"SUM(K10:K19)","v":{"v":479.12461538461537,"d":"479.12"}},{"$f":"SUM(L10:L19)","v":{"v":7544.264615384615,"d":"7544.26"}},{"$f":"SUM(M10:M19)","v":{"v":467.7399461538462,"d":"467.74"}},{"$f":"SUM(N10:N19)","v":{"v":109.39210692307692,"d":"109.39"}},{"$f":"SUM(O10:O19)","v":{"v":461,"d":"$461.00"}},{"$f":"SUM(P10:P19)","v":{"v":231.60999999999999,"d":"$231.61"}},{"$f":"SUM(Q10:Q19)","v":{"v":5.280985230769231,"d":"$5.28"}},{"$f":"SUM(R10:R19)","v":{"v":226.31893846153847,"d":"$226.32"}},{"v":440,"d":"$440.00"},{"$nulls":5},{"v":7104.264615384615,"d":"$7,104.26"},{"v":7544.264615384615,"d":"$7,544.26"},{"v":7544.264615384615,"d":"$7,544.26"},{"$f":"L20","v":{"v":7544.264615384615,"d":"$7,544.26"}},{"$f":"SUM(AC10:AC19)","v":{"v":45.26558769230769,"d":"$45.27"}},{"$f":"SUM(AD10:AD19)","v":{"v":277.51577387692305,"d":"$277.52"}},{"$f":"SUM(AE10:AE19)","v":{"v":452.6558769230769,"d":"$452.66"}}]
[]
[]
[]
["The Wage Bracket Method",{"$nulls":6},{"$f":"515.2+24.15","v":539.35}]
["Time Card No","Marital Status","No. of allowances","SIMPLE deductions"]
[11,"S",1,{"v":20,"d":"$20"}]
[12,"S",0,50]
[13,"M",2,40]
[21,"M",4,50]
[22,"S",2,20]
[31,"M",3,40]
[32,"M",6,50]
[33,"S",1,60]
[51,"M",5,30]
[99,"M",7,80]

{"sheet":"Journal Entries","index":4,"n_rows":49,"n_cols":31,"rows_kept":49,"merged":[[1,0,1,14],[2,0,2,18],[3,0,3,18],[6,1,8,1],[6,2,8,2],[6,3,8,3],[6,4,8,4],[6,5,6,7],[6,8,6,10],[6,12,6,21],[6,22,6,23],[6,24,6,27],[6,28,6,30],[7,5,8,5],[7,6,8,6],[7,8,8,8],[7,9,8,9],[7,12,8,12],[7,13,8,13],[7,20,8,20],[7,21,8,21],[7,28,8,28],[19,1,19,6],[21,0,23,5],[23,7,23,11],[36,2,37,5]]}
["WEEK 5",{"$nulls":14},"`"]
[]
["KIPLEY COMPANY, INC."]
["PAYROLL REGISTER"]
[null,null,"FOR PERIOD ENDING","2016-01-08"]
[]
[null,"Time Card No.","Name","Marital Statues","NO. W.H Allow.","Regular Earnings",null,null,"Overtime Earnings",{"$nulls":3},"Deductions",{"$nulls":9},"Net Paid",null,"Taxable Earnings",{"$nulls":3},"FUTA & SUTA Taxes"]
[{"$nulls":5},"Hours worked","Rate Per Hour","Amount","Hours worked","Rate Per Hour","Amount","Total Earnings","OASDI Tax","HI Tax","FIT","SIT","SUTA","CIT","SIMPLE",null,"Group Ins.","Health Ins.","Check No.","Amount","OASDI","HI","FUTA","SUTA","Net FUTA Tax","SUTA Tax","Gross FUTA"]
[{"$nulls":19},"Gross Pay After Simple Plan",{"$nulls":10},"Tax"]
[1,11,"Carson, Fran M.","S",1,{"v":40,"d":"40.00"},{"v":17.5,"d":"17.50"},{"$f":"F10*G10","v":{"v":700,"d":"700.00"}},{"v":0,"d":"0.00"},26.25,{"v":0,"d":"0.00"},{"v":700,"d":"700.00"},{"v":43.4,"d":"43.40"},{"v":10.149999999999999,"d":"10.15"},{"v":76,"d":"$76.00"},{"$f":"ROUND(L10*3.07%,2)","v":{"v":21.49,"d":"$21.49"}},{"$f":"L10*0.07%","v":{"v":0.49000000000000005,"d":"$0.49"}},{"$f":"L10 * 3%","v":{"v":21,"d":"$21.00"}},{"v":20,"d":"$20.00"},{"$f":"L10-S10","v":{"v":680,"d":"$680.00"}},0.85,1.65,313,{"$f":"L10-M10-N10-O10-P10-Q10-R10-S10-U10-V10","v":{"v":504.97,"d":"$504.97"}},{"$f":"L10","v":{"v":700,"d":"$700.00"}},{"$f":"L10","v":{"v":700,"d":"$700.00"}},{"$f":"L10","v":{"v":700,"d":"$700.00"}},{"$f":"L10","v":{"v":700,"d":"$700.00"}},{"$f":"AA10*0.6%","v":{"v":4.2,"d":"$4.20"}},{"$f":"AB10*3.6785%","v":{"v":25.749499999999998,"d":"$25.75"}},{"$f":"AA10*6%","v":{"v":42,"d":"$42.00"}}]
[2,12,"Wilson, William A.","S",0,{"v":40,"d":"40.00"},17.25,{"v":690,"d":"690.00"},{"v":8,"d":"8.00"},{"v":25.875,"d":"25.88"},{"v":207,"d":"207.00"},{"$f":"K11+H11","v":{"v":897,"d":"897.00"}},55.61,{"v":13.007079999999998,"d":"13.01"},{"v":119,"d":"$119.00"},{"$f":"ROUND(L11*3.07%,2)","v":{"v":27.54,"d":"$27.54"}},{"$f":"L11*0.07%","v":{"v":0.6279000000000001,"d":"$0.63"}},{"v":26.91,"d":"$26.91"},{"v":50,"d":"$50.00"},{"$f":"L11-S11","v":{"v":847,"d":"$847.00"}},0.85,1.65,314,{"$f":"L11-M11-N11-O11-P11-Q11-R11-S11-U11-V11","v":{"v":601.8050200000001,"d":"$601.81"}},{"$f":"L11","v":{"v":897,"d":"$897.00"}},{"$f":"L11","v":{"v":897,"d":"$897.00"}},{"$f":"L11","v":{"v":897,"d":"$897.00"}},{"$f":"L11","v":{"v":897,"d":"$897.00"}},{"v":5.382,"d":"$5.38"},{"v":32.996145,"d":"$33.00"},{"$f":"AA11*6%","v":{"v":53.82,"d":"$53.82"}}]
[3,13,"Utley, Harry T.","M",2,{"v":37.5,"d":"37.50"},{"v":18.1,"d":"18.10"},678.75,{"v":0,"d":"0.00"},{"v":27.150000000000002,"d":"27.15"},{"v":0,"d":"0.00"},{"$f":"K12+H12","v":678.75},{"v":42.0825,"d":"42.08"},{"v":9.841875,"d":"9.84"},{"v":32,"d":"$32.00"},{"v":20.84,"d":"$20.84"},{"v":0.4751250000000001,"d":"$0.48"},{"v":20.3625,"d":"$20.36"},{"v":40,"d":"$40.00"},{"v":638.75,"d":"$638.75"},0.85,1.65,315,{"v":510.648,"d":"$510.65"},{"v":678.75,"d":"$678.75"},{"v":678.75,"d":"$678.75"},{"v":678.75,"d":"$678.75"},{"v":678.75,"d":"$678.75"},{"v":4.0725,"d":"$4.07"},{"v":24.96781875,"d":"$24.97"},{"v":40.725,"d":"$40.73"}]
[4,21,"Fife, Lawrence R.","M",4,{"v":40,"d":"40.00"},{"v":17.9,"d":"17.90"},{"v":716,"d":"716.00"},{"v":6,"d":"6.00"},{"v":26.849999999999998,"d":"26.85"},{"v":161.1,"d":"161.10"},{"v":877.1,"d":"877.10"},{"v":54.3802,"d":"54.38"},{"v":12.71795,"d":"12.72"},{"v":35,"d":"$35.00"},{"v":26.93,"d":"$26.93"},{"v":0.6139700000000001,"d":"$0.61"},{"v":26.313,"d":"$26.31"},{"v":50,"d":"$50.00"},{"v":827.1,"d":"$827.10"},0.85,1.65,316,{"v":668.6448800000002,"d":"$668.64"},{"v":877.1,"d":"$877.10"},{"v":877.1,"d":"$877.10"},{"v":877.1,"d":"$877.10"},{"v":877.1,"d":"$877.10"},{"v":5.2626,"d":"$5.26"},{"v":32.2641235,"d":"$32.26"},{"v":52.626,"d":"$52.63"}]
[5,22,"Smith, Lucy K","S",2,{"v":40,"d":"40.00"},19.75,{"v":790,"d":"790.00"},{"v":0,"d":"0.00"},{"v":29.625,"d":"29.63"},{"v":0,"d":"0.00"},{"v":790,"d":"790.00"},48.98,{"v":11.455,"d":"11.46"},{"v":78,"d":"$78.00"},{"v":24.25,"d":"$24.25"},{"v":0.553,"d":"$0.55"},{"v":23.7,"d":"$23.70"},{"v":20,"d":"$20.00"},{"v":770,"d":"$770.00"},null,1.65,317,{"v":581.4119999999999,"d":"$581.41"},{"v":790,"d":"$790.00"},{"v":790,"d":"$790.00"},{"v":790,"d":"$790.00"},{"v":790,"d":"$790.00"},{"v":4.74,"d":"$4.74"},{"v":29.06015,"d":"$29.06"},{"v":47.4,"d":"$47.40"}]
[6,31,"Fay, Gretchen R.","M",3,{"v":40,"d":"40.00"},{"v":12.875,"d":"12.88"},{"v":515,"d":"515.00"},1.25,19.32,24.14,539.14,33.43,{"v":7.820575,"d":"7.82"},{"v":10,"d":"$10.00"},{"v":16.55,"d":"$16.55"},{"v":0.37739800000000007,"d":"$0.38"},{"v":16.17,"d":"$16.17"},{"v":40,"d":"$40.00"},{"v":499.14,"d":"$499.14"},0.85,1.65,318,{"v":412.2920269999999,"d":"$412.29"},{"v":539.14,"d":"$539.14"},{"v":539.14,"d":"$539.14"},{"v":539.14,"d":"$539.14"},{"v":539.14,"d":"$539.14"},{"v":3.23484,"d":"$3.23"},{"v":19.8322649,"d":"$19.83"},{"v":32.3484,"d":"$32.35"}]
[7,32,"Robey, Glenda B.","M",6,{"v":40,"d":"40.00"},{"v":15.576923076923077,"d":"15.58"},623.08,{"v":0,"d":"0.00"},{"v":23.365384615384613,"d":"23.37"},{"v":0,"d":"0.00"},623.08,38.63,9.03,0,{"v":19.13,"d":"$19.13"},{"v":0.4361560000000001,"d":"$0.44"},{"v":18.69,"d":"$18.69"},{"v":50,"d":"$50.00"},{"v":573.08,"d":"$573.08"},0.85,1.65,319,{"v":484.66384400000004,"d":"$484.66"},{"v":623.08,"d":"$623.08"},{"v":623.08,"d":"$623.08"},{"v":623.08,"d":"$623.08"},{"v":623.08,"d":"$623.08"},{"v":3.7384800000000005,"d":"$3.74"},{"v":22.9199978,"d":"$22.92"},{"v":37.3848,"d":"$37.38"}]
[8,33,"Schork, Thomas K.","S",1,{"v":40,"d":"40.00"},{"v":19.326923076923077,"d":"19.33"},773.08,{"v":0,"d":"0.00"},{"v":28.990384615384613,"d":"28.99"},{"v":0,"d":"0.00"},773.08,47.93,{"v":11.2114,"d":"11.21"},{"v":80,"d":"$80.00"},{"v":23.73,"d":"$23.73"},{"v":0.5411560000000001,"d":"$0.54"},{"v":23.19,"d":"$23.19"},{"v":60,"d":"$60.00"},{"v":713.08,"d":"$713.08"},0.85,1.65,320,{"v":523.977444,"d":"$523.98"},{"v":773.08,"d":"$773.08"},{"v":773.08,"d":"$773.08"},{"v":773.08,"d":"$773.08"},{"v":773.08,"d":"$773.08"},{"v":4.63848,"d":"$4.64"},{"v":28.4377478,"d":"$28.44"},{"v":46.3848,"d":"$46.38"}]
[9,51,"Hardy, Barbara T.","M",5,{"v":40,"d":"40.00"},{"v":14.480769230769232,"d":"14.48"},579.23,{"v":4,"d":"4.00"},{"v":21.721153846153847,"d":"21.72"},{"v":86.88461538461539,"d":"86.88"},{"v":666.1146153846154,"d":"666.11"},{"v":41.29724615384615,"d":"41.30"},{"v":9.658226923076922,"d":"9.66"},{"v":9,"d":"$9.00"},{"v":20.45,"d":"$20.45"},{"v":0.4662802307692308,"d":"$0.47"},{"v":19.983438461538462,"d":"$19.98"},{"v":30,"d":"$30.00"},{"v":636.1146153846154,"d":"$636.11"},0.85,1.65,321,{"v":532.7594236153847,"d":"$532.76"},{"v":666.1146153846154,"d":"$666.11"},{"v":666.1146153846154,"d":"$666.11"},{"v":666.1146153846154,"d":"$666.11"},{"v":666.1146153846154,"d":"$666.11"},{"v":3.996687692307692,"d":"$4.00"},{"v":24.503026126923075,"d":"$24.50"},{"v":39.966876923076924,"d":"$39.97"}]
[10,99,"Kipley, Carson C.","M",7,{"v":40,"d":"40.00"},{"v":25,"d":"25.00"},{"v":1000,"d":"1,000.00"},{"v":0,"d":"0.00"},"N/A",{"v":0,"d":"0.00"},{"v":1000,"d":"1000.00"},{"v":62,"d":"62.00"},{"v":14.499999999999998,"d":"14.50"},{"v":22,"d":"$22.00"},{"v":30.7,"d":"$30.70"},{"v":0.7000000000000001,"d":"$0.70"},{"v":30,"d":"$30.00"},{"v":80,"d":"$80.00"},{"v":920,"d":"$920.00"},null,1.65,322,{"v":758.4499999999999,"d":"$758.45"},{"v":1000,"d":"$1,000.00"},{"v":1000,"d":"$1,000.00"},{"v":1000,"d":"$1,000.00"},{"v":1000,"d":"$1,000.00"},{"v":6,"d":"$6.00"},{"v":36.785,"d":"$36.79"},{"v":60,"d":"$60.00"}]
[11,"Totals…………………………………",{"$nulls":5},7065.14,null,null,{"$f":"SUM(K10:K19)","v":{"v":479.12461538461537,"d":"479.12"}},{"$f":"SUM(L10:L19)","v":{"v":7544.264615384615,"d":"7544.26"}},{"$f":"SUM(M10:M19)","v":{"v":467.7399461538462,"d":"467.74"}},{"$f":"SUM(N10:N19)","v":{"v":109.39210692307692,"d":"109.39"}},{"$f":"SUM(O10:O19)","v":{"v":461,"d":"$461.00"}},{"$f":"SUM(P10:P19)","v":{"v":231.60999999999999,"d":"$231.61"}},{"$f":"SUM(Q10:Q19)","v":{"v":5.280985230769231,"d":"$5.28"}},{"$f":"SUM(R10:R19)","v":{"v":226.31893846153847,"d":"$226.32"}},{"v":440,"d":"$440.00"},{"v":7104.264615384615,"d":"$7,104.26"},{"v":6.799999999999999,"d":"$6.80"},{"v":16.5,"d":"$16.50"},null,{"v":5579.622638615385,"d":"$5,579.62"},{"$f":"L20","v":{"v":7544.264615384615,"d":"$7,544.26"}},{"v":7544.264615384615,"d":"$7,544.26"},{"v":7544.264615384615,"d":"$7,544.26"},{"$f":"L20","v":{"v":7544.264615384615,"d":"$7,544.26"}},{"$f":"SUM(AC10:AC19)","v":{"v":45.26558769230769,"d":"$45.27"}},{"$f":"SUM(AD10:AD19)","v":{"v":277.51577387692305,"d":"$277.52"}},{"$f":"SUM(AE10:AE19)","v":{"v":452.6558769230769,"d":"$452.66"}}]
[]
["JOURNAL"]
[]
[{"$nulls":7},"Proof"]
[null,"Date","Description",null,"Debit","Credit",null,"Regular Earnings",null,null,{"$f":"H20","v":{"v":7065.14,"d":"$7,065.14"}}]
[1,"2017-01-12","Wages Expense",null,{"$f":"SUM(F27:F36)","v":{"v":7544.264615384615,"d":"$7,544.26"}},null,null,"Overtime Earnings",null,null,{"$f":"K20","v":{"v":479.12461538461537,"d":"479.12"}}]
[2,null,"Fica Taxes Payable-OASDI",null,null,{"$f":"K28","v":{"v":467.7399461538462,"d":"467.74"}},null,"Total Earnings",{"$nulls":3},{"$f":"K25+K26","v":{"v":7544.264615384615,"d":"$7,544.26"}}]
[3,null,"Fica Taxes Payable-HI",null,null,{"v":109.39210692307692,"d":"109.39"},null,"FICA tax w/held-OASDI",null,null,{"$f":"M20","v":{"v":467.7399461538462,"d":"$467.74"}}]
[4,null,"Employees FIT Payable",null,null,{"v":461,"d":"461.00"},null,"FICA tax w/held-HI",null,null,{"$f":"N20","v":{"v":109.39210692307692,"d":"109.39"}}]
[5,null,"SUTA Taxes Payable",null,null,{"v":5.280985230769231,"d":"5.28"},null,"FIT w/held",null,null,{"$f":"O20","v":{"v":461,"d":"461.00"}}]
[6,null,"SIT Payable",null,null,{"v":231.60999999999999,"d":"231.61"},null,"SUTA w/held",null,null,{"$f":"Q20","v":{"v":5.280985230769231,"d":"5.28"}}]
[7,null,"CIT Payable",null,null,{"v":226.31893846153847,"d":"226.32"},null,"SIT w/held",null,null,{"$f":"P20","v":{"v":231.60999999999999,"d":"231.61"}}]
[8,null,"Simple Deductions Payable",null,null,{"v":440,"d":"440.00"},null,"CIT w/held",null,null,{"$f":"R20","v":{"v":226.31893846153847,"d":"226.32"}}]
[9,null,"Group Insurance Premiums",null,null,{"v":6.799999999999999,"d":"6.80"},null,"Simple Plan",null,null,{"$f":"S20","v":{"v":440,"d":"440.00"}}]
[10,null,"Health Insurance Premiums",null,null,{"v":16.5,"d":"16.50"},null,"Group Ins.",null,null,{"$f":"U20","v":{"v":6.799999999999999,"d":"6.80"}}]
[11,null,"Salaries Payable",null,null,{"$f":"L38","v":{"v":5579.622638615385,"d":"5,579.62"}},null,"Health Ins.",null,null,{"$f":"V20","v":{"v":16.5,"d":"16.50"}},{"$nulls":3},{"$f":"L20-S20","v":{"v":7104.264615384615,"d":"$7,104.26"}}]
[12,null,"To record payment of wages and liability for employers gross wages, withholdings,  and net pay",{"$nulls":4},"Total Deductions",{"$nulls":3},{"$f":"SUM(K28:K36)","v":{"v":1964.6419767692305,"d":"$1,964.64"}},null,null,{"$f":"O36*6.2%","v":{"v":440.46440615384614,"d":"$440.46"}}]
[13,{"$nulls":6},"Total Net Pay",{"$nulls":3},{"$f":"L27-L37","v":{"v":5579.622638615385,"d":"5,579.62"}}]
[14,{"$nulls":6},"Total earnings",{"$nulls":3},{"$f":"L37+L38","v":{"v":7544.264615384615,"d":"$7,544.26"}}]
[15,"2017-01-12","Payroll Taxes ",null,{"$f":"SUM(F41:F44)","v":{"v":899.9176046461538,"d":"$899.92"}}]
[16,null,"Fica Taxes Payable-OASDI",null,null,{"$f":"Y20*6.2%","v":{"v":467.74440615384617,"d":"467.74"}}]
[17,null,"Fica Taxes Payable-OASDI",null,null,{"$f":"Z20*1.45%","v":{"v":109.39183692307691,"d":"109.39"}}]
[18,null,"FUTA Taxes Payable",null,null,{"$f":"AA20*0.6%","v":{"v":45.26558769230769,"d":"45.27"}}]
[19,null,"SUTA Taxes Payable",null,null,{"$f":"AB20*3.6785%","v":{"v":277.51577387692305,"d":"277.52"}}]
[20,null,"To record payroll taxes and employers for the taxes"]
[21]
[22,"2017-01-14","Salaries Payable",null,{"v":5579.62,"d":"5,579.62"}]
[23,null,"Cash",null,null,{"v":5579.62,"d":"5,579.62"}]
[24,null,"To record pmt. Of wages for the pay period ended 1/8/2016"]